| 000 | 01652nam a22002897a 4500 | ||
|---|---|---|---|
| 001 | 9847 | ||
| 003 | FISKH | ||
| 005 | 20260304144743.0 | ||
| 008 | 260304b cb ||||| |||| 00| 0 eng d | ||
| 020 | _a9780141342429 | ||
| 040 |
_aFISKH _beng _cFISKH _dFISKH |
||
| 050 | _aPZ7 .R4829 .S | ||
| 082 | _a813.6 | ||
| 100 |
_aRiordan, Rick _eAuthor |
||
| 245 |
_aThe sword of summer / _cRick Riordan |
||
| 260 |
_aNew York : _bPenguin Random House , _c2015 |
||
| 300 |
_a495 pages : _c23 cm |
||
| 490 |
_aMagnus Chase and the Gods of Asgard _v1 |
||
| 505 | _aP | ||
| 520 | _aFantasy. Juvenile Fiction. Juvenile Literature. Mythology. HTML:Magnus Chase has always been a troubled kid. Since his mother's mysterious death, he's lived alone on the streets of Boston, surviving by his wits, keeping one step ahead of the police and the truant officers. One day, he's tracked down by an uncle he barely knows-a man his mother claimed was dangerous. Uncle Randolph tells him an impossible secret: Magnus is the son of a Norse god. The Viking myths are true. The gods of Asgard are preparing for war. Trolls, giants and worse monsters are stirring for doomsday. To prevent Ragnarok, Magnus must search the Nine Worlds for a weapon that has been lost for thousands of years. When an attack by fire giants forces him to choose between his own safety and the lives of hundreds of innocents, Magnus makes a fatal decision. Sometimes, the only way to start a new life is to die . . . | ||
| 521 | 8 |
_a630
_bLexile |
|
| 521 | 8 |
_aP
_bRaz-Plus |
|
| 650 |
_aChildren _vDemigods |
||
| 650 |
_aFantasy _vFiction |
||
| 942 |
_2ddc _cBK _n0 |
||
| 999 |
_c9847 _d9847 |
||